| 000 | 00932cam a22002893a 4500 | ||
|---|---|---|---|
| 001 | 13065 | ||
| 003 | PGUSA | ||
| 005 | 20140828083300.0 | ||
| 008 | 040731s2004||||xxu|||||s|||||000 | eng d | ||
| 040 |
_aPGUSA _beng |
||
| 042 | _adc | ||
| 050 | 4 | _aML | |
| 100 | 1 |
_aBeethoven, Ludwig van, _d1770-1827 |
|
| 245 | 1 | 0 |
_aBeethoven's Letters 1790-1826, Volume 1 _h[electronic resource] / _cLudwig van Beethoven |
| 260 |
_bProject Gutenberg, _c2004 |
||
| 506 | _aPublic domain in the USA. | ||
| 516 | _aElectronic text | ||
| 653 | _aComposers -- Austria -- Correspondence | ||
| 653 | _aBeethoven, Ludwig van, 1770-1827. Correspondence | ||
| 653 | _aBeethoven, Ludwig van, 1770-1827 | ||
| 700 | 1 |
_aKöchel, Ludwig Ritter von, _d1800-1877 |
|
| 700 | 1 |
_aWallace, Grace, Lady, _d-1878 |
|
| 700 | 1 |
_aNohl, Ludwig, _d1831-1885 |
|
| 830 | 0 |
_aProject Gutenberg _v13065 |
|
| 856 | 4 | 0 | _uhttp://www.gutenberg.org/ebooks/13065 |
| 942 | _cEB | ||
| 999 |
_c242320 _d242320 |
||